Modelling nitrogen from farm wastes : models and systems for studying the transformation and fate of nitrogen from animal effluents applied to soils /

Bibliographic Details
Other Authors: Gasser, J. K. R. (John Kenneth Russell)
Format: Book
Language:English
Published: London : Applied Science Publishers, 1979.
Series:EUR (Series) ; 6361 EN.
Subjects:

MARC

Tag First Indicator Second Indicator Subfields
LEADER 00000cam a2200000 i 4500
001 in00000010068
005 20231102184433.5
008 800502s1979 enka b 100 0 eng d
035 |a (OCoLC)06274748 
035 |9 AAA2264AM 
040 |a AGL  |c AGL  |d m/c  |d TXA  |d UtOrBLW 
049 |a TXAM  |c [A06356618] 
050 4 |a S662  |b .M6 1979 
245 0 0 |a Modelling nitrogen from farm wastes :  |b models and systems for studying the transformation and fate of nitrogen from animal effluents applied to soils /  |c edited by J. K. R. Gasser. 
264 1 |a London :  |b Applied Science Publishers,  |c 1979. 
300 |a vii, 195 pages :  |b illustrations 
336 |a text  |b txt  |2 rdacontent 
337 |a unmediated  |b n  |2 rdamedia 
338 |a volume  |b nc  |2 rdacarrier 
500 |a "EUR : 6361 EN." 
500 |a "Proceedings of a Seminar in the EEC Programme of Coordination of research on Animal Effluents, organised by Professor H. Laudelout, and held at the Université Catholique de Louvain, Louvain-la-Neuve, Belgium, October 10-11, 1978." 
504 |a Includes bibliographies. 
650 0 |a Liquid fertilizers  |x Mathematical models. 
650 0 |a Farm manure  |x Mathematical models. 
650 0 |a Soils  |x Nitrogen content  |x Mathematical models. 
700 1 |a Gasser, J. K. R.  |q (John Kenneth Russell) 
830 0 |a EUR (Series) ;  |v 6361 EN. 
999 |a MARS 
999 f f |s 0dc95799-9b88-311d-974d-4d9921f28f7f  |i 35534a0c-a6b5-368e-a243-9d6ad366262d  |t 0 
952 f f |p ric  |a Texas A&M University  |b Rellis Campus  |c Joint Library Facility  |d Remote Storage  |t 0  |e S662 .M6 1979  |h Library of Congress classification  |i unmediated -- volume  |m A14806356618 
998 f f |a S662 .M6 1979  |t 0  |l Remote Storage